|
|
|
|
| LEADER |
05408nam a22003853i 4500 |
| 001 |
EBC6827686 |
| 003 |
MiAaPQ |
| 005 |
20231204023220.0 |
| 006 |
m o d | |
| 007 |
cr cnu|||||||| |
| 008 |
231204s2021 xx o ||||0 eng d |
| 020 |
|
|
|a 9789811631887
|q (electronic bk.)
|
| 020 |
|
|
|z 9789811631870
|
| 035 |
|
|
|a (MiAaPQ)EBC6827686
|
| 035 |
|
|
|a (Au-PeEL)EBL6827686
|
| 035 |
|
|
|a (OCoLC)1289856522
|
| 040 |
|
|
|a MiAaPQ
|b eng
|e rda
|e pn
|c MiAaPQ
|d MiAaPQ
|
| 050 |
|
4 |
|a GE300-350
|
| 100 |
1 |
|
|a Development, BRI International Green.
|
| 245 |
1 |
4 |
|a The Belt and Road Initiative Green Development Case Studies Report 2020.
|
| 250 |
|
|
|a 1st ed.
|
| 264 |
|
1 |
|a Singapore :
|b Springer Singapore Pte. Limited,
|c 2021.
|
| 264 |
|
4 |
|c ©2022.
|
| 300 |
|
|
|a 1 online resource (121 pages)
|
| 336 |
|
|
|a text
|b txt
|2 rdacontent
|
| 337 |
|
|
|a computer
|b c
|2 rdamedia
|
| 338 |
|
|
|a online resource
|b cr
|2 rdacarrier
|
| 505 |
0 |
|
|a Intro -- Preface -- Congratulatory Message -- Advisor Group -- Report Team -- Executive Summary -- Contents -- About the Author -- 1 Biodiversity and Ecological System -- 1.1 Nairobi-Malaba Standard Gauge Railway (Phase I) -- 1.1.1 Background -- 1.1.2 Project Overview -- 1.1.3 Boosting Local Employment and Technological Development -- 1.1.4 Protecting the Migration Corridors of Wildlife -- 1.1.5 Collecting Materials According to Local Conditions to Protect the Rivers -- 1.2 New Container Terminal Project of Tema, Ghana -- 1.2.1 Background -- 1.2.2 Project Overview -- 1.2.3 Strict Environmental Protection Measures -- 1.2.4 Sea Turtle Breeding Center -- 1.2.5 Main Experience of the Project -- 2 Clean Energy -- 2.1 Karot Hydropower Station in Pakistan -- 2.1.1 Background -- 2.1.2 Project Overview -- 2.1.3 Sustainability of Project Financing -- 2.1.4 Strict Administrative Measures for the Environment and Biodiversity -- 2.1.5 Green Construction Measures -- 2.1.6 Building of Supporting Infrastructure -- 2.1.7 Establishment of Permanent Exchange Mechanisms with Local Governments and Communities -- 2.1.8 Boosting Local Employment and Skills Training -- 2.2 Mozura Wind Park in Montenegro -- 2.2.1 Background -- 2.2.2 Project Overview -- 2.2.3 China's "Smart Wind Power" Technology -- 2.2.4 Contribution to Energy Technology Transfer -- 3 Clean Water -- 3.1 Cabinda Water Supply Project in Angola -- 3.1.1 Background -- 3.1.2 Project Overview -- 3.1.3 Strict Measures for Environmental Protection -- 3.1.4 Solution to Surface Runoff and Rainfall Erosion -- 3.1.5 Sound Environmental and Social Benefits -- 3.2 Padma (Jashaldia) Water Treatment Plant Project in Bangladesh -- 3.2.1 Background -- 3.2.2 Project Overview -- 3.2.3 Measures for Pollution Control -- 3.2.4 Application of Green Technology -- 4 Sustainable Traffic -- 4.1 South-North Expressway of Montenegro.
|
| 505 |
8 |
|
|a 4.1.1 Background -- 4.1.2 Project Overview -- 4.1.3 Green Design Strategies and Technical Solutions -- 4.1.4 Environmental Benefits and Related Experience -- 4.2 Peljesac Cross-Sea Bridge of Croatia -- 4.2.1 Background -- 4.2.2 Project Overview -- 4.2.3 Plan of Green Construction -- 4.2.4 Sound Social Benefit -- 5 Solid Waste Treatment -- 5.1 Can The Waste-To-Energy Plant in Vietnam -- 5.1.1 Background -- 5.1.2 Project Overview -- 5.1.3 Environmental Protection Technologies -- 5.1.4 Boosting Development of the Local Industries and Creating More Jobs -- 5.1.5 Actively Communicating with the Local Governments and Communities -- 6 Sustainable Consumption and Production -- 6.1 FINEX™ Fiber Project -- 6.1.1 Background -- 6.1.2 Project Overview -- 6.1.3 Main Techniques and Applications -- 6.1.4 Environmental Benefits -- 6.2 Yanbu Refinery in Saudi Arabia -- 6.2.1 Background -- 6.2.2 Project Overview -- 6.2.3 Strict Environmental Management System -- 6.2.4 Green Production -- 6.2.5 Promotion of Local Employment -- 7 Green Architecture -- 7.1 Lusail Stadium in Qatar -- 7.1.1 Background -- 7.1.2 Project Overview -- 7.1.3 Establishment of a Strict Environmental Management System to Implement the Project -- 7.1.4 Implementation of the Green Building -- 8 Sustainable Food Production -- 8.1 Zambian Solar-Powered Mill Program -- 8.1.1 Background -- 8.1.2 Project Overview -- 8.1.3 Actions -- 8.1.4 Outcomes -- 8.1.5 Experience and Insights -- 8.2 Wanbao Mozambique Rice Farm -- 8.2.1 Background -- 8.2.2 Project Overview -- 8.2.3 Actions -- 8.2.4 Outcomes -- 8.2.5 Experience and Insights -- 9 Corporate Social Responsibility -- 9.1 Uganda Isimba Hydropower Plant -- 9.1.1 Background -- 9.1.2 Project Overview -- 9.1.3 Environment and Social Management -- 9.1.4 Employment and Training -- 9.1.5 Active Fulfillment of Corporate Social Responsibilities -- 10 Conclusion.
|
| 588 |
|
|
|a Description based on publisher supplied metadata and other sources.
|
| 590 |
|
|
|a Electronic reproduction. Ann Arbor, Michigan : ProQuest Ebook Central, 2023. Available via World Wide Web. Access may be limited to ProQuest Ebook Central affiliated libraries.
|
| 655 |
|
4 |
|a Electronic books.
|
| 776 |
0 |
8 |
|i Print version:
|a Development, BRI International Green
|t The Belt and Road Initiative Green Development Case Studies Report 2020
|d Singapore : Springer Singapore Pte. Limited,c2021
|z 9789811631870
|
| 797 |
2 |
|
|a ProQuest (Firm)
|
| 856 |
4 |
0 |
|u https://ebookcentral.proquest.com/lib/matrademy/detail.action?docID=6827686
|z Click to View
|